000 00646nam a2200217 a 4500
999 _c2883
_d2883
001 2883
003 BD-JhCC
005 20171113205029.0
008 171107s1987 bg ||||| |||| 00| 0 be d
035 _a(BD-JhCC)2883
040 _aBD-JhCC
_dBD-JhCC
041 _aben
082 _a891.4435
_bCHA 1987
100 _aচৌধুরী, ভাস্কর
245 _aকোথায় নিবাস /
_cভাস্কর চৌধুরী
260 _aঢাকা :
_bঅনিন্দ্য প্রকাশ,
_c১৯৮৭
300 _a63 p. :
_c22cm.
650 _aBengali short stories
942 _2ddc
_cBK